000 00208nam a2200085Ia 4500
008 120527s9999 xx 000 0 und d
100 _aPeter Fellows.et al.
245 _aAppropriate food packaging.
942 _cBK
999 _c21108
_d21108